000
00296nam a22001337a 4500
008
181008b xxu||||| |||| 00| 0 eng d
020
_a
0819141887
041
_a
eng
080
_a
101
100
_a
24
101
_a
FIL
245
_a
The Philosopher in the Community
_c
Lang, B
942
_2
udc
_c
BK
999
_c
49057
_d
49057